Patriots Day / (Record no. 220117)
[ view plain ]
| 000 -LEADER | |
|---|---|
| fixed length control field | 04587cgm a2200889Ii 4500 |
| 001 - CONTROL NUMBER | |
| control field | ocn973558993 |
| 003 - CONTROL NUMBER IDENTIFIER | |
| control field | OCoLC |
| 005 - DATE AND TIME OF LATEST TRANSACTION | |
| control field | 20170329082653.0 |
| 007 - PHYSICAL DESCRIPTION FIXED FIELD--GENERAL INFORMATION | |
| fixed length control field | vd cvaizq |
| 008 - FIXED-LENGTH DATA ELEMENTS--GENERAL INFORMATION | |
| fixed length control field | 170223s2017 cau133 vleng d |
| 040 ## - CATALOGING SOURCE | |
| Original cataloging agency | TEFMT |
| Language of cataloging | eng |
| Description conventions | rda |
| Transcribing agency | TEFMT |
| Modifying agency | NOG |
| -- | OCLCO |
| -- | TEF |
| -- | INO |
| -- | IK2 |
| -- | UINTA |
| 024 1# - OTHER STANDARD IDENTIFIER | |
| Standard number or code | 031398258421 |
| 028 42 - PUBLISHER NUMBER | |
| Publisher number | 51507 |
| Source | Lionsgate |
| 035 ## - SYSTEM CONTROL NUMBER | |
| System control number | (OCoLC)973558993 |
| 037 ## - SOURCE OF ACQUISITION | |
| Source of stock number/acquisition | Midwest Tape |
| Note | http://www.midwesttapes.com |
| 041 1# - LANGUAGE CODE | |
| Language code of text/sound track or separate title | eng |
| -- | spa |
| -- | fre |
| -- | spa |
| -- | fre |
| -- | eng |
| Language code of original and/or intermediate translations of text | eng |
| 050 #4 - LIBRARY OF CONGRESS CALL NUMBER | |
| Classification number | PN1997.2 |
| Item number | .P38 2017 |
| 082 04 - DEWEY DECIMAL CLASSIFICATION NUMBER | |
| Classification number | 791.43/72 |
| Edition number | 23 |
| 049 ## - LOCAL HOLDINGS (OCLC) | |
| Holding library | UCLB |
| 245 00 - TITLE STATEMENT | |
| Title | Patriots Day / |
| Statement of responsibility, etc | directed by Peter Berg ; screenply by Peter Berg & Matt Cook and Joshua Zetumer ; story by Peter Berg & Matt Cook and Paul Tamasy & Eric Johnson ; produced by Scott Stuber, Dylan Clark, Mark Wahlberg, Stephen Levinson, Hutch Parker, Dorothy Aufiero, Michael Radutzky ; a CBS Films and Lionsgate presentation in association with TIK Films (Hong Kong) Ltd. ; a Closest To The Hole/Leverage Entertainment production ; a Bluegrass Films production ; a Hutch Parker Entertainment production ; a Peter Berg film. |
| 250 ## - EDITION STATEMENT | |
| Edition statement | [English/French/Spanish version] |
| 257 ## - COUNTRY OF PRODUCING ENTITY FOR ARCHIVAL FILMS | |
| Country of producing entity | United States |
| -- | naf |
| 264 #1 - Production, Publication, Distribution, Manufacture, and Copyright Notice. | |
| Place of production, publication, distribution, manufacture | Santa Monica, CA : |
| Name of producer, publisher, distributor, manufacturer | Lions Gate Entertainment, |
| Date of production, publication, distribution, manufacture, or copyr | [2017]. |
| 300 ## - PHYSICAL DESCRIPTION | |
| Extent | 1 videodisc (133 min.) : |
| Other physical details | sound, color ; |
| Dimensions | 4 3/4 in. |
| 336 ## - Content Type | |
| Content type term | two-dimensional moving image |
| 337 ## - Media type | |
| Media type term | video |
| 338 ## - Carrier type | |
| Carrier type term | videodisc |
| 344 ## - | |
| -- | digital |
| -- | optical |
| -- | surround |
| -- | 5.1 Dolby digital |
| -- | rda |
| 347 ## - | |
| -- | video file |
| -- | DVD video |
| -- | region 1 |
| -- | rda |
| 380 ## - | |
| -- | Motion picture. |
| 538 ## - SYSTEM DETAILS NOTE | |
| System details note | DVD, region 1; 16x9 widescreen (2.40:1); 5.1 Dolby digital . |
| 546 ## - LANGUAGE NOTE | |
| Language note | English, Spanish or French dialogue; Spanish subtitles; English subtitles for the deaf and hard of hearing (SDH); French subtitles for the deaf and hard of hearing (SDH); English descriptive audio. |
| 500 ## - GENERAL NOTE | |
| General note | Title from title screen. |
| 511 1# - PARTICIPANT OR PERFORMER NOTE | |
| Participant or performer note | Mark Wahlberg, Kevin Bacon, John Goodman, J.K. Simmons, Michelle Monaghan, Alex Wolff. |
| 508 ## - CREATION/PRODUCTION CREDITS NOTE | |
| Creation/production credits note | Director of photography, Tobias Schliessler; music, Trent Reznor & Atticus Ross. |
| 500 ## - GENERAL NOTE | |
| General note | Originally released as a motion picture in 2016. |
| 500 ## - GENERAL NOTE | |
| General note | Wide screen. |
| 521 8# - TARGET AUDIENCE NOTE | |
| Target audience note | Rating: R; for violence, realistically graphic injury images, language throughout and some drug use. |
| 520 ## - SUMMARY, ETC. | |
| Summary, etc | The story of Boston Police Commissioner Ed Davis's actions in the events leading up to the 2013 Boston Marathon bombing and the aftermath. |
| 500 ## - GENERAL NOTE | |
| General note | Special features: Boston strong: 3 true stories of courage; Researching the day. |
| 650 #0 - SUBJECT ADDED ENTRY--TOPICAL TERM | |
| Topical term or geographic name as entry element | Boston Marathon Bombing, Boston, Mass., 2013 |
| Form subdivision | Drama. |
| 610 10 - SUBJECT ADDED ENTRY--CORPORATE NAME | |
| Corporate name or jurisdiction name as entry element | Boston (Mass.). |
| Subordinate unit | Police Department |
| Form subdivision | Drama. |
| 655 #7 - INDEX TERM--GENRE/FORM | |
| Genre/form data or focus term | Feature films. |
| Source of term | lcgft |
| 655 #7 - INDEX TERM--GENRE/FORM | |
| Genre/form data or focus term | Video recordings for the hearing impaired. |
| Source of term | lcgft |
| 655 #7 - INDEX TERM--GENRE/FORM | |
| Genre/form data or focus term | Thrillers (Motion pictures) |
| Source of term | lcgft |
| 655 #7 - INDEX TERM--GENRE/FORM | |
| Genre/form data or focus term | Action and adventure films. |
| Source of term | lcgft |
| 655 #7 - INDEX TERM--GENRE/FORM | |
| Genre/form data or focus term | Video recordings for people with visual disabilities. |
| Source of term | lcgft |
| 700 1# - ADDED ENTRY--PERSONAL NAME | |
| Personal name | Berg, Peter, |
| Dates associated with a name | 1964- |
| Relator term | film director. |
| 700 1# - ADDED ENTRY--PERSONAL NAME | |
| Personal name | Cook, Matt |
| Titles and other words associated with a name | (Screenwriter), |
| Relator term | screenwriter. |
| 700 1# - ADDED ENTRY--PERSONAL NAME | |
| Personal name | Zetumer, Joshua, |
| Relator term | screenwriter. |
| 700 1# - ADDED ENTRY--PERSONAL NAME | |
| Personal name | Tamasy, Paul, |
| Relator term | screenwriter. |
| 700 1# - ADDED ENTRY--PERSONAL NAME | |
| Personal name | Johnson, Eric |
| Titles and other words associated with a name | (Screenwriter), |
| Relator term | screenwriter. |
| 700 1# - ADDED ENTRY--PERSONAL NAME | |
| Personal name | Stuber, Scott, |
| Relator term | film producer. |
| 700 1# - ADDED ENTRY--PERSONAL NAME | |
| Personal name | Clark, Dylan, |
| Relator term | film producer. |
| 700 1# - ADDED ENTRY--PERSONAL NAME | |
| Personal name | Wahlberg, Mark, |
| Dates associated with a name | 1971- |
| Relator term | film producer, |
| -- | actor. |
| 700 1# - ADDED ENTRY--PERSONAL NAME | |
| Personal name | Levinson, Stephen, |
| Relator term | film producer. |
| 700 1# - ADDED ENTRY--PERSONAL NAME | |
| Personal name | Parker, Hutch, |
| Dates associated with a name | 1964- |
| Relator term | film producer. |
| 700 1# - ADDED ENTRY--PERSONAL NAME | |
| Personal name | Aufiero, Dorothy, |
| Relator term | film producer. |
| 700 1# - ADDED ENTRY--PERSONAL NAME | |
| Personal name | Radutzky, Michael, |
| Relator term | film producer. |
| 700 1# - ADDED ENTRY--PERSONAL NAME | |
| Personal name | Bacon, Kevin, |
| Dates associated with a name | 1958- |
| Relator term | actor. |
| 700 1# - ADDED ENTRY--PERSONAL NAME | |
| Personal name | Goodman, John, |
| Dates associated with a name | 1952- |
| Relator term | actor. |
| 700 1# - ADDED ENTRY--PERSONAL NAME | |
| Personal name | Simmons, J. K., |
| Relator term | actor. |
| 700 1# - ADDED ENTRY--PERSONAL NAME | |
| Personal name | Monaghan, Michelle, |
| Relator term | actor. |
| 700 1# - ADDED ENTRY--PERSONAL NAME | |
| Personal name | Wolff, Alex, |
| Dates associated with a name | 1997- |
| Relator term | actor. |
| 710 2# - ADDED ENTRY--CORPORATE NAME | |
| Corporate name or jurisdiction name as entry element | CBS Films, |
| Relator term | presenter. |
| 710 2# - ADDED ENTRY--CORPORATE NAME | |
| Corporate name or jurisdiction name as entry element | Lions Gate Films, |
| Relator term | presenter. |
| 710 2# - ADDED ENTRY--CORPORATE NAME | |
| Corporate name or jurisdiction name as entry element | TIK Films (Firm), |
| Relator term | production company. |
| 710 2# - ADDED ENTRY--CORPORATE NAME | |
| Corporate name or jurisdiction name as entry element | Closest to the Hole Productions, |
| Relator term | production company. |
| 710 2# - ADDED ENTRY--CORPORATE NAME | |
| Corporate name or jurisdiction name as entry element | Leverage Entertainment, |
| Relator term | production company. |
| 710 2# - ADDED ENTRY--CORPORATE NAME | |
| Corporate name or jurisdiction name as entry element | Bluegrass Films, |
| Relator term | production company. |
| 710 2# - ADDED ENTRY--CORPORATE NAME | |
| Corporate name or jurisdiction name as entry element | Hutch Parker Entertainment, |
| Relator term | production company. |
| 710 2# - ADDED ENTRY--CORPORATE NAME | |
| Corporate name or jurisdiction name as entry element | Lions Gate Entertainment (Firm), |
| Relator term | publisher. |
| 730 02 - ADDED ENTRY--UNIFORM TITLE | |
| -- | Container of (work): |
| Uniform title | Patriots Day (Motion picture) |
| 730 02 - ADDED ENTRY--UNIFORM TITLE | |
| -- | Container of (expression): |
| Uniform title | Patriots Day (Motion picture). |
| Language of a work | French. |
| 730 02 - ADDED ENTRY--UNIFORM TITLE | |
| -- | Container of (expression): |
| Uniform title | Patriots Day (Motion picture). |
| Language of a work | Spanish. |
| 994 ## - | |
| -- | C0 |
| -- | UINTA |
| Withdrawn status | Lost status | Source of classification or shelving scheme | Damaged status | Not for loan | Collection code | Home library | Current library | Shelving location | Date acquired | Source of acquisition | Cost, normal purchase price | Total Checkouts | Full call number | Barcode | Date last seen | Date checked out | Cost, replacement price | Price effective from | Koha item type |
|---|---|---|---|---|---|---|---|---|---|---|---|---|---|---|---|---|---|---|---|
| Dewey Decimal Classification | Movies | Wasatch County Library | Wasatch County Library | Audio Visual Area | 08/04/2017 | Amazon | 15.95 | 36 | DVD Pat | 34301001530668 | 03/07/2024 | 11/01/2022 | 15.95 | 03/20/2020 | DVD |
